000 01853cam a2200373 a 4500
999 _c3090
_d3090
001 460290
003 GBCCL
005 20241126110446.0
008 840130s1983 stk 000 0 eng
015 _aGB8406354
_2bnb
020 _a085151362X
_q(pbk.)
020 _a9780851513621
_q(pbk.)
035 _a(OCoLC)ocm10167664
035 _a(OCoLC)10167664
_z(OCoLC)863283448
_z(OCoLC)877156051
040 _aUKM
_beng
_cUKM
_dPGC
_dOCL
_dBAKER
_dYDXCP
_dAU@
_dBDX
_dOCLCF
_dNLE
_dOCLCO
_dOCLCQ
_dOCLCO
_dEQO
_dOCLCQ
_dLBB
049 _aLBBK
050 1 4 _aBX8333
082 0 4 _a252.07
_219
_bLLO
090 _aBX8333
_b.L555 1983
100 1 _aLloyd-Jones, David Martyn.
_93072
245 1 0 _aEvangelistic sermons at Aberavon /
_cD.M. Lloyd-Jones.
260 _aEdinburgh :
_bBanner of Truth Trust,
_c1983.
300 _ax, 294 pages ;
_c22 cm
336 _atext
_btxt
_2rdacontent
337 _aunmediated
_bn
_2rdamedia
338 _avolume
_bnc
_2rdacarrier
505 0 _aChristianity -- impossible with men -- The Savior of the world -- The strait gate -- Why men disbelieve -- No freedom except in Christ -- Man's fundamental trouble -- The thoroughness of the Gospel -- The wedding garment -- Away from Jesus or with Him -- Repentance : the gate to the kingdom -- Why hopes of heaven fail -- Missing the mark -- False assumptions -- True and false religion -- The wonder of the Gospel -- Devotion to Christ and its source -- The parable of the prodigal son -- Jairus -- complete salvation -- True Christian discipleship -- The narrowness of the Gospel -- What worldliness forgets.
610 2 4 _aMethodist Church
_vSermons.
_96409
650 0 _aSermons, English.
_91092
650 7 _aSermons, English.
_2fast
_0(OCoLC)fst01113250
_91092
653 _aMethodist churches
_aSermons - Texts
655 7 _aSermons.
_2fast
_0(OCoLC)fst01423904
_96402
942 _2ddc
_cBK